| 000 | 00553nam a2200169 i 4500 | ||
|---|---|---|---|
| 001 | 46643 | ||
| 003 | ES-MaACL | ||
| 005 | 20230906161425.0 | ||
| 007 | t| | ||
| 008 | 030331s1912 po ||||1| fre d | ||
| 111 | 2 |
_aCongrés International de Tourisme ( _n4º. _d1911. _cLisboa) _9257 |
|
| 245 | 1 | 0 |
_aCompte-rendu generale _b: Lisbonne 12-19 moi 1911 / _cCongrés International de Tourisme. |
| 260 |
_aLisbonne : _b[s.n., _c1912] ( _fTyp. Universelle) |
||
| 300 |
_a165 p., 25 lám. ; _c25 cm. |
||
| 650 | 0 | 4 |
_aTurismo. _917665 |
| 852 |
_aES-MaACL _jF-1315 |
||
| 999 |
_c46643 _d46643 |
||